| 000 | 00688nas a2200265 4500 | ||
|---|---|---|---|
| 001 | BR8601163 | ||
| 003 | BR-BrBNA | ||
| 005 | 20231205090351.0 | ||
| 007 | ta | ||
| 008 | 230509b bl.|||p| |||| 00| 00por d | ||
| 040 |
_aBR-BrBNA _bpor _cBiblioteca Nacional de Agricultura |
||
| 041 | _a(Pt) | ||
| 072 | _aH10 | ||
| 100 | 1 | _aAnon. | |
| 245 | 1 | _aComo evitar os 3 "socios" do milho | |
| 650 | _aMILHO | ||
| 650 | _aPRAGA DE PLANTA | ||
| 650 | _aRATO | ||
| 650 | _aCARUNCHO | ||
| 650 | _aTRACA | ||
| 650 | _aPAIOL | ||
| 773 | 0 |
_tGlobo Rural (Brazil) _xISSN 0102-6178 _g(Feb 1986), v. 1(5) p. 36-40 _wBR8601163 |
|
| 909 |
_a202311 _bLúcia _c55 _dLúcia Elande |
||
| 942 |
_2AGRIS _n0 _cANA |
||
| 999 |
_c117926 _d117926 |
||